书目信息 |
| 题名: |
哲学
|
|
| 作者: | 李士坤 , 赵建文 编 | |
| 分册: | ||
| 出版信息: | 北京 化学工业出版社 1982 |
|
| 页数: | 457页 | |
| 开本: | 21cm | |
| 丛书名: | 高等教育自学辅导丛书 | |
| 单 册: | ||
| 中图分类: | G642.46 | |
| 科图分类: | ||
| 主题词: | 辩证唯物主义--高等教育--自学参考资料 , 教育--各级 , 历史唯物主义--高等教育--自学参考资料 | |
| 电子资源: | ||
| ISBN: | ||
| 000 | 00894nam2 2200289 45 | |
| 001 | 0182006137 | |
| 005 | 20060819093701.62 | |
| 010 | @dCNY1.80 | |
| 091 | @aCN@b7063.3388 | |
| 100 | @a19950619d1982 em y0chiy0121 ea | |
| 101 | 0 | @achi |
| 102 | @aCN@b110000 | |
| 105 | @ay z 000yy | |
| 200 | 10 | @a哲学@Azhe xue@e辩证唯物主义历史唯物主义@f李士坤,赵建文编@Fli shi kun,zhao jian wen bian |
| 210 | @a北京@c化学工业出版社@d1982 | |
| 215 | @a457页@d21cm | |
| 225 | 2 | @a高等教育自学辅导丛书 |
| 410 | 0 | @120010@a高等教育自学辅导丛书 |
| 606 | @a辩证唯物主义@x高等教育@x自学参考资料 | |
| 606 | 0 | @a教育@x各级 |
| 606 | @a历史唯物主义@x高等教育@x自学参考资料 | |
| 690 | @aG642.46 | |
| 701 | 0 | @a李士坤@Ali shi kun@4编 |
| 701 | 0 | @a赵建文@Azhao jian wen@4编 |
| 801 | 0 | @aCN@b上海图书馆@c20060819 |
| 801 | 2 | @aCN@bNLC@c20051130 |
| 905 | @f2@b64161-162@f1@b64164@f1@b64159@dG642.46@e17 | |
| 哲学:辩证唯物主义历史唯物主义/李士坤,赵建文编.-北京:化学工业出版社,1982 |
| 457页;21cm.-(高等教育自学辅导丛书) |
| ISBN :CNY1.80 |
| ● |
| 相关链接 |
|
|
|
|
正题名:哲学
索取号:G642.46/17
 
预约/预借
| 序号 | 登录号 | 条形码 | 馆藏地/架位号 | 状态 | 备注 |
| 1 | 0064159 | 000290090 | 密集书库/ [索取号:G642.46/17] | 在馆 | |
| 2 | 0064161 | 000290198 | 密集书库/ [索取号:G642.46/17] | 在馆 | |
| 3 | 0064162 | 000259767 | 密集书库/ [索取号:G642.46/17] | 在馆 | |
| 4 | 0064163 | 202158805 | 密集书库/ [索取号:G642.46/17] | 在馆 | |
| 5 | 0064164 | 000601192 | 第一样本阅览室/ [索取号:G642.46/17] | 在馆 | |
| 6 | 0469438 | 204694385 | 密集书库/ [索取号:G642.46/17] | 在馆 |